000
00287nam a22001337a 4500
008
181122b xxu||||| |||| 00| 0 eng d
020
_a
0809459086
041
_a
eng
080
_a
610
100
_a
4
101
_a
SHM
245
_a
Childhood Medical Guide
_c
Luce,H.R
942
_2
udc
_c
BK
999
_c
52370
_d
52370